000 00468nam a22001577a 4500
003 MACL
005 20241020155511.0
008 241020b |||||||| |||| 00| 0 eng d
040 _cmacl
082 _a891.433/mis
100 _aमिश्रा ,अल्पना
_982651
245 _aदस कहानिया
260 _aभोपाल
_bआइसेक्ट पब्लिकैशन
_c2022
650 _aकहानिया
942 _2ddc
_cHIN
999 _c67344
_d67344